Siddharta
Uloženo v:
| Hlavní autor: | |
|---|---|
| Médium: | Kniha |
| Jazyk: | španělština |
| Vydáno: |
Santiago
Zig-Zag
2006
|
| Vydání: | 1a. ed |
| Edice: | Colección Viento Joven
|
| Témata: | |
| Tagy: |
Přidat tag
Žádné tagy, Buďte první, kdo vytvoří štítek k tomuto záznamu!
|
MARC
| LEADER | 00000nam a2200000 a 4500 | ||
|---|---|---|---|
| 001 | UCH8467 | ||
| 003 | CL-VaPUC | ||
| 008 | 091127e20060300CL |||||||||||||||||spa|d | ||
| 020 | |a 9561217767 | ||
| 082 | 0 | 4 | |a 833 |b HES |2 21 |
| 100 | |a Hesse, Hermann |e autor |9 546760 | ||
| 245 | 1 | 0 | |a Siddharta |
| 246 | 1 | 0 | |a Alma de niño |
| 250 | |a 1a. ed | ||
| 300 | |a 165 p | ||
| 942 | |c BK | ||
| 945 | |d 20091127 00:00:00 |a lazolas | ||
| 260 | |a Santiago |b Zig-Zag |c 2006 | ||
| 500 | |a Hermann Hesse gana en 1942 el Premio Nobel de Literatura | ||
| 650 | 0 | |a Novelas alemanas |9 265783 | |
| 650 | 0 | |a Literatura alemana |9 265457 | |
| 650 | 0 | |a Psicoanálisis |9 265702 | |
| 583 | |a last modification |c 20091127 00:00:00 |k Rodrigo Vera | ||
| 490 | 0 | |a Colección Viento Joven | |
| 999 | |c 338679 |d 338677 | ||